000 00659nam a2200217 a 4500
005 20220817142324.0
008 080130s19922005mx r 000 0 spa d
020 _a8433920545
035 _aUPN01000153948
049 _aCG
050 4 _aPS3573 O5.26
_bH6.3
100 1 _aWolfe, Tom,
_d1930-
245 1 3 _aLa hoguera de las vanidades /
_cTom Wolfe.
260 _aBarcelona, Esp. :
_bAnagrama,
_c1992 (2005 impr.).
300 _a636 p.
440 0 _aCompactos ;
_v50
534 _pTítulo original:
_tThe bonfire of the vanities
650 7 _aAccidentes de tránsito
_vNovela
_2
_910720
650 4 _aCORREDORES DE BOLSA -
_vNOVELA
_910721
905 _aLibro
999 _c126069
_d126069